02023nam a2200265 a 450000100100000000500170001000800410002704000250006808200150009324500460010826000310015430000370018550504360022295201080065895201100076695201080087695201080098495201080109295201080120095201080130895201080141695201080152495201080163299900170174000002825520200930031500.0110407s1973 sp abc 000 0 spa d aDO-SdBNPbspacBNPHU axxxxbxxxx00aConocer España :bgeografía y guía. aEspaña :bSalvat,c1973. av. :bil., map., retr. ;c30 cm.0 gv. 1tCataluñagv. 2tCataluña - Balearesgv. 3tValencia - Murciagv. 4tMurcia - Andalucíagv. 5tAndalucía - Canarias - Galiciagv. 6tGalicia - Asturias - Provincias Vascongadasgv. 7tProvincias Vascongadas - Navarra - Aragón - Leóngv. 8tLeón - Castilla la Viejagv. 9tCastilla la Vieja - Extremadura - Castilla la Nuevagv. 10tCastilla la Nueva - España norteafricana - Síntesis geográfica de España 001050718MOaGRbGRcCTd2011-04-07iLF1l0ov. 1p28255-10r2020-06-25w2020-06-25y1ZNo se presta 001050718MOaGRbGRcCTd2013-11-05iLF1l0ov. 10p28255-100r2020-06-25w2020-06-25y1ZNo se presta 001050718MOaGRbGRcCTd2011-06-10iLF1l0ov. 2p28255-20r2020-06-25w2020-06-25y1ZNo se presta 001050718MOaGRbGRcCTd2011-06-10iLF1l0ov. 3p28255-30r2020-06-25w2020-06-25y1ZNo se presta 001050718MOaGRbGRcCTd2011-06-10iLF1l0ov. 4p28255-40r2020-06-25w2020-06-25y1ZNo se presta 001050718MOaGRbGRcCTd2011-06-10iLF1l0ov. 5p28255-50r2020-06-25w2020-06-25y1ZNo se presta 001050718MOaGRbGRcCTd2011-06-10iLF1l0ov. 6p28255-60r2020-06-25w2020-06-25y1ZNo se presta 001050718MOaGRbGRcCTd2011-06-10iLF1l0ov. 7p28255-70r2020-06-25w2020-06-25y1ZNo se presta 001050718MOaGRbGRcCTd2011-06-10iLF1l0ov. 8p28255-80r2020-06-25w2020-06-25y1ZNo se presta 001050718MOaGRbGRcCTd2013-11-05iLF1l0ov. 9p28255-90r2020-06-25w2020-06-25y1ZNo se presta c27747d27747